| 000 | 00996nas a2200313 4500 | ||
|---|---|---|---|
| 001 | BR2010003816 | ||
| 003 | BR-BrBNA | ||
| 005 | 20231205114629.0 | ||
| 007 | ta | ||
| 008 | 230509b bl.|||p| |||| 00| 00por d | ||
| 040 |
_aBR-BrBNA _bpor _cBiblioteca Nacional de Agricultura |
||
| 041 | _a(Pt) | ||
| 072 | _aF08 | ||
| 100 | 1 | _aZárate, N.A.H. | |
| 100 | 1 | _aVieira, M. do C. | |
| 100 | 1 | _aGiuliani, A.R. | |
| 100 | 1 | _aHelmich, M. | |
| 100 | 1 | _aPontim, B.C.A. | |
| 100 | 1 | _aPezzoni Filho, J.C. | |
| 245 | 1 | _aProdução e renda de taro Macaquinho, solteiro e consorciado com alface Salad Bowl, em solo com cobertura de cama-de-frango semidecomposta | |
| 650 | _aALFACE | ||
| 650 | _aTARO | ||
| 650 | _aCONSORCIAÇÃO DE CULTURA | ||
| 650 | _aRESÍDUO ORGÂNICO | ||
| 650 | _aRENDIMENTO | ||
| 773 | 0 |
_tSemina. Ciências Agrárias (Brazil) _xISSN 1676-546X _g(Oct-Dec 2007), v. 28(4) p. 563-570 _wBR2010003816 |
|
| 909 |
_a202311 _bLúcia _c55 _dLúcia Elande |
||
| 942 |
_2AGRIS _n0 _cANA |
||
| 999 |
_c209660 _d209660 |
||